Logo Biblioteca

Bertani / (Registro nro. 1018)

Detalles MARC
000 -LEADER
fixed length control field 00930aam a2200217 a 4500
001 - CONTROL NUMBER
control field 001374261
003 - CONTROL NUMBER IDENTIFIER
control field AR-RoUNCS
005 - DATE AND TIME OF LATEST TRANSACTION
control field 20260514131400.0
007 - PHYSICAL DESCRIPTION FIXED FIELD--GENERAL INFORMATION
fixed length control field ta
008 - FIXED-LENGTH DATA ELEMENTS--GENERAL INFORMATION
fixed length control field 161003s2015 ag aco gr 001 0 spa
020 ## - INTERNATIONAL STANDARD BOOK NUMBER
International Standard Book Number 978-987-596-063-3
040 ## - CATALOGING SOURCE
Original cataloging agency AR-BaBN
Language of cataloging spa
Transcribing agency AR-RoUNCS
100 1# - MAIN ENTRY--PERSONAL NAME
Personal name Gutiérrez Zaldívar, Ignacio,
Dates associated with a name 1951-2022
Relator term autor
245 10 - TITLE STATEMENT
Title Bertani /
Statement of responsibility, etc. Ignacio Gutiérrez Zaldívar.
260 ## - PUBLICATION, DISTRIBUTION, ETC.
Place of publication, distribution, etc. Buenos Aires :
Name of publisher, distributor, etc. Zurbarán,
Date of publication, distribution, etc. 2015.
300 ## - PHYSICAL DESCRIPTION
Extent 195 p. :
Other physical details il., fot., retrs. ;
Dimensions 31 cm.
520 ## - SUMMARY, ETC.
Summary, etc. Este libro abarca la obra y la vida de Ernesto Bertani, pintor, dibujante y escultor argentino con más de 40 años de trayectoria, que con mucha creatividad y un estilo muy personal aborda temáticas que reflejan la vida cotidiana y las preocupaciones que compartimos como seres humanos y como argentinos.
600 14 - SUBJECT ADDED ENTRY--PERSONAL NAME
Personal name Bertani, Ernesto,
Dates associated with a name 1949-
650 #7 - SUBJECT ADDED ENTRY--TOPICAL TERM
Topical term or geographic name entry element Pintura argentina
Source of heading or term embne
942 ## - ADDED ENTRY ELEMENTS (KOHA)
Source of classification or shelving scheme Universal Decimal Classification
Koha item type Obra General
Suppress in OPAC No
Existencias
Withdrawn status Lost status Source of classification or shelving scheme Damaged status Not for loan Collection Home library Current library Date acquired Source of acquisition Total checkouts Full call number Barcode Date last seen Price effective from Koha item type
    Universal Decimal Classification     Colección General Biblioteca Escuela de Ciencias Sociales Biblioteca Escuela de Ciencias Sociales 14/05/2026 Donación 2026   75(82) G984 000976 14/05/2026 14/05/2026 Obra General
Biblioteca de la Escuela Preuniversitaria en Ciencias Sociales y Humanísticas.
Riobamba 250 bis.
CP 2000 - Rosario - Santa Fe
E-Mail: biblioteca@esociales.unr.edu.ar